000 00662nam a2200217Ia 4500
003 GCL
008 140319s9999 xx 000 0 ara d
040 _aGCL /
_cGCL
082 0 4 _a889
_bن م
100 1 _aنعيم عطية
245 1 0 _aمختارات من الشعر اليونانى الحديث /
_cنعيم عطية
260 _a[S.N] :
_bالمجلس الاعلى للثقافة ،
_c1983
300 _a348 ص
490 _a
650 0 4 _aالعصر الحديث
650 0 4 _aالادب اليونانى
650 0 4 _aالشعر اليونانى
650 0 4 _aالترجمة العربية
650 0 4 _aالمجموعات
942 _2ddc
_cBK
999 _c57784
_d57784